[Event "Randy Bahr/Beauregard memorial II"]
[Site "SchemingMind.com"]
[Date "2023.12.12"]
[Round "-"]
[White "Robert Bruce"]
[Black "Matthew Bailey"]
[Result "0-1"]
[WhiteCountry "SCO"]
[BlackCountry "ENG"]
[WhiteElo "2347"]
[WhiteRD "67"]
[BlackElo "2538"]
[BlackRD "65"]
[GameID "740055"]

1. f4 e5 2. e4 exf4 3. Nf3 Nf6 4. e5 Nh5 5. Be2 g5 6. O-O h6 7. c4 d6 8. d4 dxe5 9. Nxe5 Nf6 10. b3 Nbd7
11. Nxd7 Bxd7 12. Bf3 Be7 13. Bxb7 Rb8 14. Bf3 O-O 15. Bb2 g4 16. Be2 f3 17. gxf3 g3 18. Qd3 gxh2+ 19. Kg2 Re8 20. f4 Rb6
21. Nc3 Bb4 22. f5 Ne4 23. Nxe4 h1=Q+ 24. Rxh1 Bxf5 25. Bf3 Rxe4 26. Kf2 Be1+ 27. Kf1 Re5 28. Qd1 Re3 29. Rg1+ Kh7 30. Qxe1 Rxf3+
31. Ke2 Rd3 32. Kf1 Rf6 33. Qe5 Bg4+ 34. Ke1 Rf5 35. Rxg4 Rxe5+ 36. dxe5 Re3+ 37. Kf1 Qd2 38. Kg1 Rh3 39. Rg2 Qe3+ 40. Rf2 Rf3
41. Rf1 Rf4 42. Kh2 Rh4+ 43. Kg1 Rg4+ 44. Kh2 Qg3+ 45. Kh1 Qh3+ 46. Rh2 Qxf1#
0-1

[Event "Randy Bahr/Beauregard memorial II"]
[Site "SchemingMind.com"]
[Date "2023.12.12"]
[Round "-"]
[White "Matthew Bailey"]
[Black "Robert Bruce"]
[Result "1-0"]
[WhiteCountry "ENG"]
[BlackCountry "SCO"]
[WhiteElo "2538"]
[WhiteRD "65"]
[BlackElo "2347"]
[BlackRD "67"]
[GameID "740056"]

1. d4 f5 2. Bg5 h6 3. Bh4 g5 4. Bg3 d6 5. e3 Nf6 6. Nc3 Bg7 7. h4 g4 8. Bc4 Nc6 9. a4 d5 10. Bb3 a6
11. Nge2 Be6 12. Nf4 Bf7 13. Nd3 O-O 14. O-O Na5 15. Ba2 b6 16. Ne2 Rc8 17. Ne5 c5 18. Nxf7 Kxf7 19. c3 e6 20. Nf4 Qe8
21. Qe2 c4 22. Rae1 h5 23. Bb1 Bh6 24. f3 gxf3 25. Qxf3 Nb3 26. Nxe6 Nd2 27. Qxf5 Nxf1 28. Nc7 Rxc7 29. Bxc7 Nd2 30. Qg6+ Ke7
31. Qxh6 Rg8 32. Be5 Qf7 33. Bxf6+ Qxf6 34. Qxf6+ Kxf6 35. Kf2 Nxb1 36. Rxb1 Kf5 37. Kf3 Rf8 38. b3 cxb3 39. Rxb3 Rf6 40. Rb4 Ke6+
41. Ke2 Kf5 42. Kd3 Rg6 43. c4 dxc4+ 44. Rxc4 Rxg2 45. Rc8 Ke6 46. Rh8 Ra2 47. Rxh5 Kd7 48. Rh8 Rxa4 49. h5 Ke6 50. h6 Ra1
51. h7 Rh1 52. Re8+
1-0

[Event "Randy Bahr/Beauregard memorial II"]
[Site "SchemingMind.com"]
[Date "2023.12.12"]
[Round "-"]
[White "Robert Bruce"]
[Black "William Lindberg"]
[Result "0-1"]
[WhiteCountry "SCO"]
[BlackCountry "USA"]
[WhiteElo "2323"]
[WhiteRD "68"]
[BlackElo "2402"]
[BlackRD "65"]
[GameID "740064"]

1. f4 d5 2. Nf3 e6 3. e3 Be7 4. b3 c5 5. Bb2 Nf6 6. a4 O-O 7. g3 Nc6 8. Bg2 Ng4 9. O-O b6 10. Qe2 Bb7
11. Na3 Rc8 12. Rad1 Bf6 13. Bc1 Nh6 14. d3 g6 15. e4 a6 16. f5 Bg7 17. fxe6 fxe6 18. Bh3 Re8 19. Ng5 Nd4 20. Qg2 Qd7
21. c4 dxe4 22. dxe4 Nhf5 23. Bg4 h6 24. Nh3 Nd6 25. Rde1 Nxb3 26. Bb2 h5 27. Bxg7 Qxg7 28. Bf3 Nd4 29. Ng5 Rf8 30. Nc2 Qe5
31. h4 Nxc4 32. g4 Rf4 33. gxh5 Nxc2 34. Qxc2 Rxh4 35. Qg2 Rf8 36. Rf2 Bc6 37. hxg6 Rff4 38. a5 bxa5 39. Ree2 Bb5 40. Nh3 Rf6
41. Re1 Qc3 42. Rd1 Ne5 43. Ng5 Qe3 44. Qg3 Rg4 45. Bxg4 Qxg3+ 46. Rg2 Qe3+ 47. Kh1 Rf1+ 48. Rxf1 Bxf1 49. Rg1 Qf2 50. Bxe6+ Kg7
51. Bh3 Nf3 52. Nxf3 Qxf3+ 53. Rg2 Qxh3+ 54. Rh2 Qf3+ 55. Kg1 Qg3+ 56. Kh1 Kxg6 57. Rd2 Kg5 58. e5 Kg4 59. e6 Kh3 60. Ra2 Bg2+
61. Rxg2 Qxg2#
0-1

[Event "Randy Bahr/Beauregard memorial II"]
[Site "SchemingMind.com"]
[Date "2023.12.12"]
[Round "-"]
[White "William Lindberg"]
[Black "Robert Bruce"]
[Result "1/2-1/2"]
[WhiteCountry "USA"]
[BlackCountry "SCO"]
[WhiteElo "2402"]
[WhiteRD "65"]
[BlackElo "2323"]
[BlackRD "68"]
[GameID "740065"]

1. e4 Nf6 2. e5 Nd5 3. c4 Nb6 4. d4 d6 5. exd6 exd6 6. Nc3 Be7 7. Bd3 O-O 8. Nge2 Bg4 9. O-O Bh5 10. b3 c6
11. Be3 d5 12. c5 N6d7 13. b4 b6 14. Qa4 Bg6 15. Bxg6 hxg6 16. h3 a6 17. Nf4 Bf6 18. Rfc1 Bg5 19. Re1 Qf6 20. Nce2 Re8
21. Qc2 bxc5 22. bxc5 Nf8 23. Rab1 Nbd7 24. Rb7 Re7 25. Qd2 Bh6 26. Rc7 Rae8 27. Kh2 Re4 28. g3 R4e7 29. Qd1 a5 30. Qa4 Rxe3
31. fxe3 Rxe3 32. Ng2 Qf2 33. Qxc6 Nf6 34. Qb7 Kh7 35. Rxf7 Ne6 36. Rxf6 Qxf6 37. Nxe3 Bxe3 38. Nf4 Bxf4 39. Rxe6 Qxe6 40. gxf4 Qe2+
41. Kg3 Qe1+ 42. Kg2 Qe2+ 43. Kg3 Qe1+ 44. Kg2 Qe4+ 45. Kg3 Qd3+=
1/2-1/2

[Event "Randy Bahr/Beauregard memorial II"]
[Site "SchemingMind.com"]
[Date "2023.12.12"]
[Round "-"]
[White "William Lindberg"]
[Black "Matthew Bailey"]
[Result "1/2-1/2"]
[WhiteCountry "USA"]
[BlackCountry "ENG"]
[WhiteElo "2402"]
[WhiteRD "65"]
[BlackElo "2547"]
[BlackRD "71"]
[GameID "740066"]

1. e4 c6 2. d4 d5 3. e5 c5 4. Nf3 cxd4 5. Nxd4 Nc6 6. Nxc6 bxc6 7. Bd3 e6 8. O-O a5 9. Be3 Ne7 10. Nc3 Ba6
11. Na4 Bb5 12. Bb6 Qd7 13. b3 Bxa4 14. bxa4 Ng6 15. f4 Ba3 16. Be3 Qe7 17. Kh1 O-O 18. Rb1 Bc5 19. Bd2 Rfb8 20. Rb3 Nf8
21. c4 Nd7 22. Rxb8+ Rxb8 23. Qc2 g6 24. cxd5 cxd5 25. Bxa5 Bb6 26. Bd2 Qd8 27. Bb5 Rc8 28. Qb2 Nc5 29. a3 Ne4 30. Bb4 h5
31. Qe2 h4 32. Bd3 Rc1 33. Bxe4 Rxf1+ 34. Qxf1 dxe4 35. h3 Be3 36. a5 Qd4 37. a6 Kh7 38. Be1 Qa1 39. Qe2 Qc1 40. g3 hxg3
41. Kg2 Qxa3 42. Bxg3 Bc5 43. Bf2 e3 44. Be1 Ba7 45. h4 Kh6 46. Bg3 Qa4 47. Be1 Qxf4 48. Qf3 Qxe5 49. Qxf7 Qd5+ 50. Kh3 Qh1+
51. Kg4 Qxe1 52. Qf8+ Kh7 53. Qe7+ Kh6 54. Qg5+ Kg7 55. Qe7+ Kh6 56. Qg5+=
1/2-1/2

[Event "Randy Bahr/Beauregard memorial II"]
[Site "SchemingMind.com"]
[Date "2023.12.13"]
[Round "-"]
[White "Matthew Bailey"]
[Black "William Lindberg"]
[Result "1-0"]
[WhiteCountry "ENG"]
[BlackCountry "USA"]
[WhiteElo "2547"]
[WhiteRD "71"]
[BlackElo "2402"]
[BlackRD "65"]
[GameID "740067"]

1. c4 e5 2. g3 Nf6 3. Bg2 Nc6 4. Nc3 Bc5 5. a3 d6 6. e3 O-O 7. b4 Bb6 8. Qc2 Be6 9. d3 Qd7 10. h3 a5
11. b5 Ne7 12. Na4 Ba7 13. Bb2 Qc8 14. Nf3 Re8 15. O-O-O h6 16. g4 Bd7 17. Kb1 Qd8 18. Qb3 Rc8 19. g5 hxg5 20. Nxg5 Nf5
21. Rdg1 Qe7 22. h4 c6 23. b6 Bb8 24. Ne4 Nxe4 25. Bxe4 d5 26. cxd5 cxd5 27. Bxd5 Red8 28. Nc3 a4 29. Qa2 Kf8 30. h5 Nh6
31. e4 Qd6 32. Bxb7 Qxd3+ 33. Ka1 Rc5 34. Rd1 Qf3 35. Nxa4 Rc2 36. Ba6 Ke8 37. Qd5 Ng8 38. Qd3 Qxd3 39. Bxd3 Bxa4 40. Bxc2 Bxc2
41. Rxd8+ Kxd8 42. Rg1 g6 43. f3 Kd7 44. Bc1 Kc8 45. Kb2 Ba4 46. h6 Nf6 47. Be3 Nh7 48. Bc5 g5 49. Be7 f6 50. Kc3 Kb7
51. Kb4 Bc6 52. Bc5 f5 53. a4 fxe4 54. fxe4 Bxe4 55. Rd1 Nf6 56. a5 Ka6 57. Rd8 Kb7 58. Bd6 Bxd6+ 59. Rxd6 Nh7 60. Rd7+ Kc6
61. Rg7 Kd6 62. a6 Nf6 63. b7 Nd5+ 64. Ka5 Kc5 65. b8=Q Kd4 66. Rxg5 Ke3 67. Qxe5 Kf3 68. Qg3+
1-0

[Event "Randy Bahr/Beauregard memorial II"]
[Site "SchemingMind.com"]
[Date "2023.12.13"]
[Round "-"]
[White "Robert Bruce"]
[Black "eliecercruzr"]
[Result "1/2-1/2"]
[WhiteCountry "SCO"]
[BlackCountry "CUB"]
[WhiteElo "2323"]
[WhiteRD "68"]
[BlackElo "2292"]
[BlackRD "59"]
[GameID "740068"]

1. f4 Nf6 2. Nf3 d5 3. e3 e6 4. b3 c5 5. Bb2 Be7 6. Bb5+ Nbd7 7. O-O O-O 8. a4 Ne4 9. Nc3 Nd6 10. Qe2 Nxb5
11. axb5 Qc7 12. Nd1 a5 13. d3 b6 14. e4 dxe4 15. Ng5 Bb7 16. Nxh7 Kxh7 17. Qh5+ Kg8 18. Bxg7 Kxg7 19. Qg4+ Kh8 20. Qh5+ Kg7
21. Qg4+ Kh7 22. Qh3+ Kg7=
1/2-1/2

[Event "Randy Bahr/Beauregard memorial II"]
[Site "SchemingMind.com"]
[Date "2023.12.12"]
[Round "-"]
[White "eliecercruzr"]
[Black "Robert Bruce"]
[Result "1/2-1/2"]
[WhiteCountry "CUB"]
[BlackCountry "SCO"]
[WhiteElo "2309"]
[WhiteRD "60"]
[BlackElo "2347"]
[BlackRD "67"]
[GameID "740069"]

1. e4 Nf6 2. e5 Nd5 3. d4 d6 4. c4 Nb6 5. f4 g6 6. Nc3 Bg7 7. Be3 Be6 8. d5 Bc8 9. Be2 c6 10. Nf3 Bg4
11. exd6 exd6 12. Bd4 Bxd4 13. Qxd4 O-O 14. O-O cxd5 15. cxd5 N8d7 16. f5 Bxf3 17. Rxf3 Ne5 18. Rh3 Nbd7 19. Qd2 g5 20. Kh1 Kh8
21. Rf1 Rg8 22. Ne4 Nf6 23. Nxg5 Qf8 24. Bf3 Qg7 25. Ne4 Nxf3 26. gxf3 Rad8 27. Rg3 Nxe4 28. fxe4 Qe5 29. Rf4 Rc8 30. Kg2 Rc4
31. Kf3 Re8 32. Rgg4 Rec8 33. Rg2 Rc2 34. Qxc2 Rxc2 35. Rxc2 h5 36. Rh4 Qd4 37. Rxh5+ Kg7 38. Kf4 b5 39. Rg5+ Kf6 40. h4=
1/2-1/2

[Event "Randy Bahr/Beauregard memorial II"]
[Site "SchemingMind.com"]
[Date "2023.12.12"]
[Round "-"]
[White "eliecercruzr"]
[Black "William Lindberg"]
[Result "1/2-1/2"]
[WhiteCountry "CUB"]
[BlackCountry "USA"]
[WhiteElo "2309"]
[WhiteRD "60"]
[BlackElo "2413"]
[BlackRD "65"]
[GameID "740071"]

1. e4 c5 2. c3 Nf6 3. e5 Nd5 4. Nf3 d6 5. d4 cxd4 6. exd6 e6 7. Nxd4 Bxd6 8. g3 O-O 9. Bg2 Nc6 10. O-O Nxd4
11. Qxd4 Qe7 12. Nd2 Rd8 13. Re1 Nb6 14. Qg4 e5 15. Qh5 Qc7 16. a4 Be6 17. a5 Nd5 18. Ne4 f6 19. Nxd6 Rxd6 20. Be4 g6
21. Qh4 Rad8 22. Bg2 Qf7 23. Qa4 a6 24. Rd1 b5 25. Qe4 Qc7 26. Qe1 Bg4 27. Rd2 Kg7 28. h4 Be6 29. Rd1 Bg4 30. Rd2 Be6
31. Rd3 Nf4 32. Rxd6 Nxg2 33. Bh6+ Kf7 34. Kxg2 Rxd6 35. Kh2 Qc5 36. Be3 Qc4 37. Qf1 h5 38. Rd1 Qxf1 39. Rxf1 Rd3 40. Re1 Bd5
41. f4 e4 42. Kg2 Be6 43. Kf2 Bg4 44. Rc1 Ke6 45. Rc2 Kd5 46. Rd2 Kc4 47. Rxd3 Kxd3 48. Ba7 f5 49. Bc5 Bf3 50. b4 Bd1
51. Bd4 Bb3 52. Bc5 Be6 53. Bd4 Bc4 54. Be3 Kxc3 55. Bc5 Kd2 56. Be3+ Kc3 57. Bc5 Kc2 58. Ke3=
1/2-1/2

[Event "Randy Bahr/Beauregard memorial II"]
[Site "SchemingMind.com"]
[Date "2023.12.13"]
[Round "-"]
[White "Matthew Bailey"]
[Black "eliecercruzr"]
[Result "1-0"]
[WhiteCountry "ENG"]
[BlackCountry "CUB"]
[WhiteElo "2547"]
[WhiteRD "71"]
[BlackElo "2292"]
[BlackRD "59"]
[GameID "740072"]

1. e4 e5 2. Nf3 Nc6 3. Bb5 d6 4. d4 exd4 5. Nxd4 Bd7 6. Nc3 Nf6 7. Bxc6 bxc6 8. Qf3 c5 9. Nf5 Bxf5 10. exf5 Be7
11. g4 O-O 12. g5 Nd7 13. f6 gxf6 14. h4 Ne5 15. Qg2 f5 16. Bf4 c6 17. Bxe5 dxe5 18. Qxc6 Re8 19. Rd1 Qb6 20. Qf3 Qg6
21. Nd5 Rab8 22. h5 Qxg5 23. Kf1 Kh8 24. Rg1 Qh6 25. Qxf5 Qe6 26. Nxe7 Rxe7 27. Qxe6 Rxe6 28. Rd7 Ra6 29. Rxf7 Rg8 30. a3 Rxg1+
31. Kxg1 c4 32. Kf1 Rb6 33. Ke2 Rxb2 34. h6 Kg8 35. Rg7+ Kf8 36. Kd2 Rb6 37. Rxh7 a6 38. Rh8+ Kf7 39. h7 Kg7 40. Re8 Kxh7
41. Rxe5 Rd6+ 42. Kc3 Kg7 43. f4 Rf6 44. Re4 Rf8 45. Kxc4 Kf6 46. Kb4 Rd8 47. c4 Kf5 48. Re5+ Kxf4 49. Re6
1-0

[Event "Randy Bahr/Beauregard memorial II"]
[Site "SchemingMind.com"]
[Date "2023.12.12"]
[Round "-"]
[White "eliecercruzr"]
[Black "Matthew Bailey"]
[Result "0-1"]
[WhiteCountry "CUB"]
[BlackCountry "ENG"]
[WhiteElo "2292"]
[WhiteRD "59"]
[BlackElo "2547"]
[BlackRD "71"]
[GameID "740073"]

1. e4 e5 2. Nf3 Nc6 3. Bc4 Bc5 4. c3 Nf6 5. d4 exd4 6. e5 d5 7. Bb5 Ne4 8. cxd4 Bb6 9. Be3 O-O 10. Nc3 Bg4
11. h3 Bh5 12. Bxc6 bxc6 13. O-O f6 14. g4 Bg6 15. a4 Ba5 16. Ne2 f5 17. Nf4 fxg4 18. hxg4 Rb8 19. Qe2 Qe7 20. Kg2 Rxf4
21. Bxf4 Rf8 22. Bc1 Nc3 23. bxc3 Be4 24. Bd2 c5 25. Rad1 h5 26. Kg3 Rxf3+ 27. Qxf3 h4+ 28. Kg2 cxd4 29. cxd4 Bxd2 30. Rxd2 Qg5
31. Qxe4 dxe4
0-1

[Event "Randy Bahr/Beauregard memorial II"]
[Site "SchemingMind.com"]
[Date "2023.12.13"]
[Round "-"]
[White "Robert Bruce"]
[Black "George Dimitrov"]
[Result "1/2-1/2"]
[WhiteCountry "SCO"]
[BlackCountry "BUL"]
[WhiteElo "2347"]
[WhiteRD "67"]
[BlackElo "2546"]
[BlackRD "90"]
[GameID "740080"]

1. c4 e5 2. g3 c6 3. d4 exd4 4. Qxd4 Nf6 5. Bg2 d5 6. Nf3 Be7 7. cxd5 Qxd5 8. Nc3 Qxd4 9. Nxd4 O-O 10. Bf4 Re8
11. O-O h6 12. Rfd1 Bc5 13. h3 Na6 14. g4 Bb6 15. Na4 Nc5 16. Nxb6 axb6 17. Bc7 Ne6 18. Nxe6 Bxe6 19. Bxb6 Rxa2 20. Bd4 Rea8
21. Rxa2 Rxa2 22. e4 Ra4 23. f3 Nd7 24. f4 Nf6 25. e5 Bb3 26. Rd3 Bc2 27. b3 Bxd3 28. bxa4 Nd5 29. Bxd5 cxd5 30. Bc5 g6
31. Kf2 h5=
1/2-1/2

[Event "Randy Bahr/Beauregard memorial II"]
[Site "SchemingMind.com"]
[Date "2023.12.13"]
[Round "-"]
[White "George Dimitrov"]
[Black "Robert Bruce"]
[Result "1-0"]
[WhiteCountry "BUL"]
[BlackCountry "SCO"]
[WhiteElo "2523"]
[WhiteRD "90"]
[BlackElo "2304"]
[BlackRD "66"]
[GameID "740081"]

1. e4 Nf6 2. e5 Nd5 3. d4 d6 4. Nf3 dxe5 5. Nxe5 c6 6. Be2 Bf5 7. O-O Nd7 8. Nf3 e6 9. c4 N5f6 10. Nc3 Qc7
11. Nh4 Bg6 12. g3 Be7 13. Bf4 Bd6 14. Be3 O-O 15. Nxg6 hxg6 16. c5 Be7 17. Bf4 Qc8 18. h4 Rd8 19. Qc2 Nf8 20. Rad1 Nd5
21. Nxd5 exd5 22. Kg2 Ne6 23. Be3 Qd7 24. Rde1 Re8 25. Rh1 Bf6 26. Qd2 Re7 27. Bf3 a5 28. g4 Ree8 29. g5 Bd8 30. h5 Nf8
31. Rh3 Qf5 32. Reh1 gxh5 33. Rxh5 Ng6 34. Bd1 Re4 35. f3 Rxe3 36. Qxe3 Bc7 37. Kf1 Rf8 38. Qe2 Qe6 39. Qxe6 fxe6 40. Bc2 Kf7
41. Rh7 e5 42. R1h6 e4 43. fxe4 Kg8+ 44. Kg1 gxh6 45. Rxc7 Nh4 46. exd5 Nf3+ 47. Kh1 Nxd4 48. Bh7+ Kh8 49. d6 Ne6 50. Re7 Nxc5
51. d7 hxg5 52. Kg2 a4 53. Kg3 Nxd7 54. Rxd7 c5 55. Kg4 c4 56. Kxg5
1-0

[Event "Randy Bahr/Beauregard memorial II"]
[Site "SchemingMind.com"]
[Date "2023.12.13"]
[Round "-"]
[White "George Dimitrov"]
[Black "William Lindberg"]
[Result "1/2-1/2"]
[WhiteCountry "BUL"]
[BlackCountry "USA"]
[WhiteElo "2541"]
[WhiteRD "92"]
[BlackElo "2402"]
[BlackRD "65"]
[GameID "740083"]

1. e4 e5 2. Nf3 Nc6 3. Bb5 a6 4. Ba4 Be7 5. O-O b5 6. Bb3 Nf6 7. Re1 O-O 8. c3 d5 9. exd5 Nxd5 10. Nxe5 Nxe5
11. Rxe5 c6 12. d3 Bd6 13. Re1 Bf5 14. Qf3 Qf6 15. Nd2 Qg6 16. Bd1 Bxd3 17. Ne4 Bxe4 18. Qxe4 Qxe4 19. Rxe4 f5 20. Re1 Rae8
21. Rf1 h6 22. h3 Rf6 23. Bf3 Bc5 24. a4 b4 25. cxb4 Nxb4 26. Bd2 Nd3 27. Ba5 Kh7 28. Bc3 Rd6 29. a5 Rb8 30. Be2 Rbd8
31. Rad1 Nf4 32. Bf3 Nd3 33. Be2 Nf4 34. Bf3 Nd3 35. Be2=
1/2-1/2

[Event "Randy Bahr/Beauregard memorial II"]
[Site "SchemingMind.com"]
[Date "2023.12.13"]
[Round "-"]
[White "George Dimitrov"]
[Black "Matthew Bailey"]
[Result "1/2-1/2"]
[WhiteCountry "BUL"]
[BlackCountry "ENG"]
[WhiteElo "2541"]
[WhiteRD "92"]
[BlackElo "2547"]
[BlackRD "71"]
[GameID "740084"]

1. e4 e5 2. Nf3 Nc6 3. Bb5 Nf6 4. O-O Nxe4 5. d4 Nd6 6. Bxc6 dxc6 7. dxe5 Nf5 8. Qxd8+ Kxd8 9. Nc3 Be7 10. h3 Nh4
11. Nxh4 Bxh4 12. Rd1+ Ke8 13. g4 h5 14. g5 f6 15. exf6 gxf6 16. Ne4 fxg5 17. Bxg5 Bxg5 18. Nxg5 Ke7 19. Rd3 Bf5 20. Re1+ Kf6
21. Ne4+ Kg6 22. Rg3+ Kh6 23. h4 Rae8 24. Rge3 Rhg8+ 25. Kf1 Rd8 26. Rf3 Kg6 27. Rg3+=
1/2-1/2

[Event "Randy Bahr/Beauregard memorial II"]
[Site "SchemingMind.com"]
[Date "2023.12.13"]
[Round "-"]
[White "Matthew Bailey"]
[Black "George Dimitrov"]
[Result "1/2-1/2"]
[WhiteCountry "ENG"]
[BlackCountry "BUL"]
[WhiteElo "2547"]
[WhiteRD "71"]
[BlackElo "2541"]
[BlackRD "92"]
[GameID "740085"]

1. e4 e5 2. Nf3 Nc6 3. Bb5 a6 4. Ba4 Nf6 5. O-O Be7 6. Re1 b5 7. Bb3 d6 8. c3 O-O 9. h3 Bb7 10. d4 Re8
11. a3 h6 12. Bc2 Bf8 13. Nbd2 Nb8 14. b3 Nbd7 15. Bb2 c6 16. Nf1 Qc7 17. Ng3 g6 18. c4 exd4 19. Qxd4 Bg7 20. Qd2 bxc4
21. bxc4 Ne5 22. Nxe5 dxe5 23. Rad1 Rad8 24. Qc3 Rxd1 25. Rxd1 c5 26. Bc1 Rd8 27. Rxd8+ Qxd8 28. Be3 Qc7=
1/2-1/2

[Event "Randy Bahr/Beauregard memorial II"]
[Site "SchemingMind.com"]
[Date "2023.12.14"]
[Round "-"]
[White "George Dimitrov"]
[Black "eliecercruzr"]
[Result "1-0"]
[WhiteCountry "BUL"]
[BlackCountry "CUB"]
[WhiteElo "2546"]
[WhiteRD "90"]
[BlackElo "2309"]
[BlackRD "60"]
[GameID "740086"]

1. e4 e6 2. d4 d5 3. Nc3 Nf6 4. e5 Nfd7 5. f4 c5 6. Nf3 Be7 7. Be3 Qb6 8. Na4 Qa5+ 9. c3 c4 10. b4 Qc7
11. g3 O-O 12. Bh3 b5 13. Nc5 a5 14. a3 Nc6 15. O-O Nxc5 16. dxc5 Bd7 17. Nd4 Nxd4 18. Bxd4 Ra6 19. Qf3 Rfa8 20. Rad1 g6
21. g4 axb4 22. axb4 Bf8 23. f5 Bc8 24. fxg6 hxg6 25. g5 Bg7 26. Bg4 Ra2 27. Qf4 Bb7 28. h4 Bc6 29. h5 gxh5 30. Bxh5 Be8
31. Rde1 R8a6 32. c6 Rb2 33. Re3 Rd2 34. Rh3 Rd3 35. Rh2 Rxd4 36. cxd4 Qa7 37. c7 Qxc7 38. Qh4 Ra3 39. Kh1 Qa7 40. g6 f5
41. exf6 Ra1 42. Rf2
1-0

[Event "Randy Bahr/Beauregard memorial II"]
[Site "SchemingMind.com"]
[Date "2023.12.13"]
[Round "-"]
[White "eliecercruzr"]
[Black "George Dimitrov"]
[Result "0-1"]
[WhiteCountry "CUB"]
[BlackCountry "BUL"]
[WhiteElo "2309"]
[WhiteRD "60"]
[BlackElo "2546"]
[BlackRD "90"]
[GameID "740087"]

1. e4 e5 2. Nf3 Nc6 3. Bc4 Bc5 4. O-O Nf6 5. Re1 O-O 6. d3 h6 7. c3 d6 8. Nbd2 a6 9. a4 a5 10. Nf1 Be6
11. Bxe6 fxe6 12. Ng3 d5 13. Qb3 Qd7 14. exd5 exd5 15. Be3 Bd6 16. d4 Qf7 17. Nf5 e4 18. Nxd6 cxd6 19. Nd2 Ne7 20. Re2 Nf5
21. Nf1 Nh5 22. Qb5 Kh7 23. Rc1 g5 24. Ng3 Nhxg3 25. hxg3 Kg6 26. Bd2 h5 27. Ree1 h4 28. gxh4 Nxh4 29. Qe2 Rae8 30. c4 Qf5
31. Qe3 Qf6 32. c5 Rh8 33. cxd6 Rh5 34. d7 Reh8 35. f4 Nf3+ 36. Kf2 Nxe1 37. Kxe1 Rh1+
0-1

[Event "Randy Bahr/Beauregard memorial II"]
[Site "SchemingMind.com"]
[Date "2023.12.15"]
[Round "-"]
[White "Uzi Mike"]
[Black "Robert Bruce"]
[Result "0-1"]
[WhiteCountry "USA"]
[BlackCountry "SCO"]
[WhiteElo "2246"]
[WhiteRD "83"]
[BlackElo "2352"]
[BlackRD "69"]
[GameID "740195"]

1. e4 Nf6 2. e5 Nd5 3. d4 d6 4. exd6 cxd6 5. Nf3 g6 6. Be2 Bg7 7. Na3 O-O 8. O-O a6 9. c4 Nf6 10. Re1 e6
11. Qb3 Nc6 12. Bf4 d5 13. Qd3 b6 14. Rad1 Bb7 15. b3 Ne4 16. Nc2 a5 17. Nd2 Qf6 18. Be3 Nd6 19. Nf3 Ne4 20. Nd2 Nd6
21. Nf3 Rfc8 22. Bg5 Qf5
0-1

[Event "Randy Bahr/Beauregard memorial II"]
[Site "SchemingMind.com"]
[Date "2023.12.15"]
[Round "-"]
[White "Robert Bruce"]
[Black "Uzi Mike"]
[Result "*"]
[WhiteCountry "SCO"]
[BlackCountry "USA"]
[WhiteElo "2304"]
[WhiteRD "66"]
[BlackElo "2247"]
[BlackRD "85"]
[GameID "740196"]

1. f4 Nf6 2. Nf3 d5 3. e3 Bg4 4. c4 e6 5. Be2 Nbd7 6. b3 c6 7. O-O Bd6 8. Nc3 h6 9. Nd4 Bxe2 10. Qxe2 a6
11. Bb2 O-O 12. Kh1 Re8 13. cxd5 exd5 14. g4 Bf8 15. Qg2 Nc5 16. g5 hxg5 17. fxg5 Nfd7 18. Nf5 g6 19. Ne2 Nd3 20. Bc3 gxf5
21. Bf6 Qc8 22. Qh3 Bg7 23. Bxg7 Kxg7 24. Ng3 Rh8 25. Nxf5+ Kg6 26. Nh4+ Rxh4 27. Qxh4 Qh8 28. Qg4 N7e5 29. Qf5+ Kg7 30. Rg1 Qh7
31. Qf6+ Kg8 32. Raf1 Re8 33. g6 fxg6 34. Qd6 Qh6 35. a4 Kh7 36. Rg3 Qh4 37. Rf7+ Kh6 38. Rf6 Kh7 39. Kg1 g5 40. Rf5 g4
41. a5 Qh6 42. Qc7+ Kh8 43. Kh1 Rf8 44. Rf4 Rxf4 45. exf4 Qxf4 46. Qd8+ Kh7 47. Qe7+ Kh6 48. Qe6+ Kg5
*

[Event "Randy Bahr/Beauregard memorial II"]
[Site "SchemingMind.com"]
[Date "2023.12.15"]
[Round "-"]
[White "William Lindberg"]
[Black "Uzi Mike"]
[Result "1-0"]
[WhiteCountry "USA"]
[BlackCountry "USA"]
[WhiteElo "2413"]
[WhiteRD "65"]
[BlackElo "2208"]
[BlackRD "90"]
[GameID "740198"]

1. c4 c5 2. Nf3 e6 3. g3 Nf6 4. Bg2 Nc6 5. O-O Qb6 6. e3 Be7 7. d4 O-O 8. d5 exd5 9. cxd5 Nb4 10. Nc3 d6
11. a3 Na6 12. e4 Bg4 13. Qc2 Rfe8 14. Nd2 Qd8 15. f4 Bd7 16. e5 Ng4 17. Nde4 Nh6 18. Be3 Rb8 19. Rae1 b5 20. Bf2 Bf5
21. Qe2 Nc7 22. Qd1 Ng4 23. Bxc5 dxc5 24. d6 Nh6 25. dxe7 Qxe7 26. Nd6 Red8 27. Rf2 b4 28. axb4 cxb4 29. Nce4 Ne6 30. h3 a5
31. g4 Bxe4 32. Bxe4
1-0

[Event "Randy Bahr/Beauregard memorial II"]
[Site "SchemingMind.com"]
[Date "2023.12.16"]
[Round "-"]
[White "Uzi Mike"]
[Black "George Dimitrov"]
[Result "1/2-1/2"]
[WhiteCountry "USA"]
[BlackCountry "BUL"]
[WhiteElo "2246"]
[WhiteRD "83"]
[BlackElo "2515"]
[BlackRD "91"]
[GameID "740199"]

1. Nf3 d5 2. d4 Nf6 3. Bf4 c5 4. e3 Nc6 5. Be2 cxd4 6. exd4 Bf5 7. Nbd2 Qb6 8. O-O Nxd4 9. Nxd4 Qxd4 10. Bg5 Bd7
11. c3 Qe5 12. Nf3 Qd6 13. Qd4 h6 14. Bf4 Qb6 15. Qxb6 axb6 16. Bc7 e6 17. Bxb6 Bd6 18. Bd4 Ke7 19. Ne5 Bc6 20. Rfc1 Rhd8
21. c4 g5 22. cxd5 Bxe5 23. Bxe5 Nxd5 24. g3 Ra4 25. Rc4 Rxc4 26. Bxc4 Nb4 27. Bf1 Nc2 28. Rc1 Nd4 29. Bxd4 Rxd4 30. Bg2 Kd6
31. Bxc6 bxc6 32. Rc3=
1/2-1/2

[Event "Randy Bahr/Beauregard memorial II"]
[Site "SchemingMind.com"]
[Date "2023.12.15"]
[Round "-"]
[White "George Dimitrov"]
[Black "Uzi Mike"]
[Result "1/2-1/2"]
[WhiteCountry "BUL"]
[BlackCountry "USA"]
[WhiteElo "2515"]
[WhiteRD "91"]
[BlackElo "2246"]
[BlackRD "83"]
[GameID "740200"]

1. e4 c5 2. Nf3 d6 3. d4 cxd4 4. Nxd4 Nf6 5. Nc3 e6 6. Be3 a6 7. f3 b5 8. Qd2 Nbd7 9. g4 b4 10. Nce2 h6
11. O-O-O Qc7 12. h4 d5 13. Bf4 e5 14. Bh2 dxe4 15. g5 hxg5 16. hxg5 Rxh2 17. Rxh2 exd4 18. Rh4 Ng4 19. Rxg4 Nc5 20. Rh4 d3
21. Nd4 Bb7 22. Rh8 O-O-O 23. Kb1 dxc2+ 24. Qxc2 exf3 25. Qd2 Be4+ 26. Ka1 Qb6 27. Qe3 Kb7 28. Rh4 Bd5 29. Nc2 Ne6 30. Rxd5 Rxd5
31. Qxf3 Nc7 32. Rd4 Qc6 33. Rc4 Rc5 34. Rxb4+ Ka7 35. Qf2 Qd5 36. Na3 Qxg5 37. Bg2 Nd5 38. Rb3 f6=
1/2-1/2

[Event "Randy Bahr/Beauregard memorial II"]
[Site "SchemingMind.com"]
[Date "2023.12.15"]
[Round "-"]
[White "Uzi Mike"]
[Black "Matthew Bailey"]
[Result "1/2-1/2"]
[WhiteCountry "USA"]
[BlackCountry "ENG"]
[WhiteElo "2208"]
[WhiteRD "90"]
[BlackElo "2538"]
[BlackRD "65"]
[GameID "740201"]

1. d4 Nf6 2. c4 e6 3. Nf3 b6 4. a3 Bb7 5. Nc3 d5 6. Bg5 Nbd7 7. cxd5 exd5 8. Rc1 Be7 9. e3 O-O 10. Nh4 g6
11. Nf3 c5 12. dxc5 bxc5 13. Bb5 a6 14. Bxd7 Qxd7 15. Na4 Qf5 16. Nxc5 Bxc5 17. Rxc5 Ne4 18. Rc7 Nxg5 19. Rxb7 d4 20. O-O Nxf3+
21. Qxf3 Qxf3 22. gxf3 Rfb8 23. Rxb8+ Rxb8 24. Rb1 Rb3 25. exd4 Rxf3 26. Rc1 Rb3 27. Rc6 a5 28. Ra6=
1/2-1/2

[Event "Randy Bahr/Beauregard memorial II"]
[Site "SchemingMind.com"]
[Date "2023.12.15"]
[Round "-"]
[White "Matthew Bailey"]
[Black "Uzi Mike"]
[Result "1-0"]
[WhiteCountry "ENG"]
[BlackCountry "USA"]
[WhiteElo "2538"]
[WhiteRD "65"]
[BlackElo "2208"]
[BlackRD "90"]
[GameID "740202"]

1. e4 c5 2. Nf3 d6 3. Bc4 Nf6 4. Nc3 e6 5. d4 cxd4 6. Qxd4 Nc6 7. Qd3 a6 8. Bf4 Nh5 9. g3 b5 10. Bb3 Bb7
11. O-O-O Nxf4 12. gxf4 Qf6 13. Qe3 Be7 14. Rhg1 Rd8 15. h4 O-O 16. Nh2 h5 17. Rg3 Qh6 18. Nf3 Bf6 19. Ng5 Ne7 20. Ne2 Ng6
21. Kb1 Nxh4 22. a3 Ng6 23. Rdg1 Ne7 24. Qb6 Bc6 25. f5 Rb8 26. Qc7 Rbc8 27. Qxd6
1-0